LEADER 00956nam a2200205 i 4500 001 000000214191 003 CaOOAMICUS 005 20231010120416.0 008 120628s1603 it u000 u lat u 026 $ae,as dou- s.l. basu (3) 1603 (R) 040 $aSeMil$bita 100 1 $aToledo, Francisco : de,$c.$0(OLS)http://semarc/name/12262 245 10$a1. 300 $a[8], 690, [2] p. 500 $aSegn.: ?4 A-2I8 2I*8 2K-2T8 2V10 773 0 $aToledo, Francisco : de $tFr. Toleti Cordubensis e Societate Iesu, S.R.E. Presbyteri card. Tit. S. Mariae Transpuntinae. In sacrosanctum Ioannis Evangelium commentarii. Adiecti sunt tres indices, unus rerum alter eorum scripturae locorum, ..$dBrixiae : Apud Societatem Brixiensem, 1603$g1$w()26979 850 $aSeMil 852 $aSeMil$W1$xVenegono$y1$m2Z V 30 FA$j164619$B164619$CSeMilBibl$Z2$F175632 $8I 996 $6245$a1$9(OLS)http://semarc/title/6508 LEADER 00948nam a2200241 4500 001 000000366370 003 CaOOAMICUS 005 20260211122401.0 008 260211s1920 it 000 u ita r 040 $aSeMil$bita 100 1 $aSardou, Victorien,$d<1831-1908>.$0(OLS)http://semarc/name/74545 245 10$aRabagas :$bcommedia in cinque atti /$cVittoriano Sardou ; traduzione di Yorick. 264 1$aMilano :$bFratelli Treves,$c1920. 300 $a116 p. ;$c17 cm 490 1 $aTeatro ;$v2 700 1 $aYorick.$0(OLS)http://semarc/name/123741 830 0$aTeatro ;$v2.$0(OLS)http://semarc/title/2639 850 $aSeMil 852 $aSeMil$W1$xVenegono$y1$m1W I 727$j267125$B257119$CSeMilBibl$Z2$F257119 $81 961 $aFamiglia Ravenna - Omaggio 996 $6245$aRabagas :$bcommedia in cinque atti$9(OLS)http://semarc/title/458133 996 $6264$aMilano :$bFratelli Treves$9(OLS)http://semarc/publisher/30212